000 004920000a22001690004500
003 MACL
005 20160110122917.0
008 160110b xxu||||| |||| 00| 0 eng d
040 _aMACL
_cMACL
041 _aEnglish
082 _a900
100 _aHodder and Stoughton Ltd
_930812
245 _aThe Prince of Wales Eastern Book
_bA Pictorial record Of the Voyages of H M S Renown 1921-1922
260 _bHodder and Stoughton Ltd
_aLondon
650 _aHistory
_930813
942 _cBK
_k900
_2ddc
999 _c38631
_d38631